Hospitality 2010 : (Record no. 4794)

MARC details
000 -LEADER
fixed length control field 00694nam a22002297a 4500
003 - CONTROL NUMBER IDENTIFIER
control field OSt
005 - DATE AND TIME OF LATEST TRANSACTION
control field 20251024014004.0
008 - FIXED-LENGTH DATA ELEMENTS--GENERAL INFORMATION
fixed length control field 251010b |||||||| |||| 00| 0 eng d
020 ## - INTERNATIONAL STANDARD BOOK NUMBER
International Standard Book Number 0-13-147579-7.
040 ## - CATALOGING SOURCE
Original cataloging agency DWCL-Main lib
Transcribing agency OC
082 ## - DEWEY DECIMAL CLASSIFICATION NUMBER
Classification number Circ. 647.94 C423h 2006
100 ## - MAIN ENTRY--PERSONAL NAME
Personal name Cetron, Marvin
245 ## - TITLE STATEMENT
Title Hospitality 2010 :
Remainder of title the future of hospitality and travel.
260 ## - PUBLICATION, DISTRIBUTION, ETC.
Place of publication, distribution, etc. N. J. :
Name of publisher, distributor, etc. Pearson Educ. Inc.,
Date of publication, distribution, etc. c2006.
300 ## - PHYSICAL DESCRIPTION
Extent xviii, 285 pages ;
Dimensions 23 cm.
504 ## - BIBLIOGRAPHY, ETC. NOTE
Bibliography, etc. note Includes bibliographical references and index.
650 ## - SUBJECT ADDED ENTRY--TOPICAL TERM
Source of heading or term 1. Hospitality industry.
650 ## - SUBJECT ADDED ENTRY--TOPICAL TERM
Source of heading or term 2. Tourist trade.
700 ## - ADDED ENTRY--PERSONAL NAME
Personal name De Micco, Fred
700 ## - ADDED ENTRY--PERSONAL NAME
Personal name Davies, Owen
942 ## - ADDED ENTRY ELEMENTS (KOHA)
Source of classification or shelving scheme Dewey Decimal Classification
Koha item type Book Circulation
Call number prefix Circ.
Suppress in OPAC No
952 ## - LOCATION AND ITEM INFORMATION (KOHA)
--
Holdings
Withdrawn status Lost status Source of classification or shelving scheme Damaged status Not for loan Home library Current library Shelving location Date acquired Source of acquisition Total Checkouts Full call number Barcode Date last seen Copy number Price effective from Koha item type Uniform Resource Identifier
    Dewey Decimal Classification     College Library College Library Circulation 12/15/2008 School Fund   Circ. 647.94 C423h 2006 46448 10/10/2025 c1 10/10/2025 BK-CIRC